Caveat emptor - let the buyer beware (Record no. 118498)
[ view plain ]
| 000 -LEADER | |
|---|---|
| fixed length control field | 01107cam a2200241 4500 |
| 001 - CONTROL NUMBER | |
| control field | ABS68768 |
| 008 - FIXED-LENGTH DATA ELEMENTS--GENERAL INFORMATION | |
| fixed length control field | 050214n2005 000 0 eng u |
| 035 ## - SYSTEM CONTROL NUMBER | |
| System control number | (Sirsi) u128775 |
| 100 ## - MAIN ENTRY--PERSONAL NAME | |
| Personal name | Hopkins, P. |
| 245 ## - TITLE STATEMENT | |
| Title | Caveat emptor - let the buyer beware |
| 260 ## - PUBLICATION, DISTRIBUTION, ETC. | |
| Date of publication, distribution, etc. | 2005 |
| 490 ## - SERIES STATEMENT | |
| Series statement | Letting Update Journal |
| Volume/sequential designation | 12(4) January 2005, 25-26(2) |
| 520 ## - SUMMARY, ETC. | |
| Summary, etc. | Explains the legal doctrine of caveat emptor (buyer beware) in this article aimed at students. The caveat emptor rule is one of the cornerstones of the principles of freedom of contract in English law. Considers the impact of caveat emptor on landlords, agents and their tenants. The effect of the rule is that a person has no duty to disclose problems voluntarily. Describes three fundamental exceptions to the rule. Looks at the fine line between caveat emptor and misrepresentation. |
| 590 ## - LOCAL NOTE (RLIN) | |
| Local note | ABS |
| 590 ## - LOCAL NOTE (RLIN) | |
| Local note | ABS |
| 650 ## - SUBJECT ADDED ENTRY--TOPICAL TERM | |
| Topical term or geographic name entry element | CAVEAT EMPTOR |
| 650 ## - SUBJECT ADDED ENTRY--TOPICAL TERM | |
| Topical term or geographic name entry element | NEGLIGENT MISSTATEMENT |
| 650 ## - SUBJECT ADDED ENTRY--TOPICAL TERM | |
| Topical term or geographic name entry element | MISREPRESENTATION |
| 650 ## - SUBJECT ADDED ENTRY--TOPICAL TERM | |
| Topical term or geographic name entry element | FAILURE TO DISCLOSE FACTS |
| 650 ## - SUBJECT ADDED ENTRY--TOPICAL TERM | |
| Topical term or geographic name entry element | HOUSE BUYING |
| 690 ## - LOCAL SUBJECT ADDED ENTRY--TOPICAL TERM (OCLC, RLIN) | |
| Topical term or geographic name as entry element | PROPERTY AND LAND LAW |
| 942 ## - ADDED ENTRY ELEMENTS (KOHA) | |
| Suppress in OPAC | 0 |
| Withdrawn status | Lost status | Source of classification or shelving scheme | Damaged status | Not for loan | Home library | Current library | Shelving location | Date acquired | Total Checkouts | Full call number | Barcode | Date last seen | Copy number | Price effective from | Koha item type |
|---|---|---|---|---|---|---|---|---|---|---|---|---|---|---|---|
| Dewey Decimal Classification | London | London | Journal article | 14/02/2005 | ABS68768 | 128775-1001 | 06/08/2019 | 1 | 06/08/2019 | Journal article |